चष्मा व नेत्ररोग चिकित्सा (Record no. 1082565)

MARC details
000 -LEADER
fixed length control field 00696nam a2200193Ia 4500
008 - FIXED-LENGTH DATA ELEMENTS--GENERAL INFORMATION
fixed length control field 151119s9999||||xx |||||||||||||| ||und||
082 ## - DEWEY DECIMAL CLASSIFICATION NUMBER
Classification number 617.7
082 ## - DEWEY DECIMAL CLASSIFICATION NUMBER
Item number GKKV30227
100 ## - MAIN ENTRY--PERSONAL NAME
Personal name जयस्वाल जयनारायण
245 ## - TITLE STATEMENT
Title चष्मा व नेत्ररोग चिकित्सा
260 ## - PUBLICATION, DISTRIBUTION, ETC. (IMPRINT)
Place of publication, distribution, etc मुंबई
260 ## - PUBLICATION, DISTRIBUTION, ETC. (IMPRINT)
Name of publisher, distributor, etc -
260 ## - PUBLICATION, DISTRIBUTION, ETC. (IMPRINT)
Date of publication, distribution, etc 0
600 ## - SUBJECT ADDED ENTRY--PERSONAL NAME
Personal name जयस्वाल जयनारायण
630 ## - SUBJECT ADDED ENTRY--UNIFORM TITLE
Uniform title चष्मा व नेत्ररोग चिकित्सा
700 ## - ADDED ENTRY--PERSONAL NAME
Personal name जयस्वाल जयनारायण
730 ## - ADDED ENTRY--UNIFORM TITLE
Uniform title चष्मा व नेत्ररोग चिकित्सा
942 ## - ADDED ENTRY ELEMENTS (KOHA)
Koha item type Book
Holdings
Withdrawn status Lost status Damaged status Not for loan Home library Current library Date acquired Cost, normal purchase price Total Checkouts Full call number Barcode Date last seen Cost, replacement price Price effective from Koha item type
        G.K. Khandekar Vachanalaya, Mulund G.K. Khandekar Vachanalaya, Mulund 06/19/2012 0.00   GKKV30227 GKKV30227 11/19/2015 0.00 11/19/2015 Book